<?xml version="1.0" encoding="UTF-8"?>
<record
    xmlns:xsi="http://www.w3.org/2001/XMLSchema-instance"
    xsi:schemaLocation="http://www.loc.gov/MARC21/slim http://www.loc.gov/standards/marcxml/schema/MARC21slim.xsd"
    xmlns="http://www.loc.gov/MARC21/slim">

  <leader>02390njm a2200433Ia 4500</leader>
  <controlfield tag="001">72987</controlfield>
  <controlfield tag="003">IT-RoPAU</controlfield>
  <controlfield tag="005">20220918181119.0</controlfield>
  <controlfield tag="008">131025s9999    xx            000 0 und d</controlfield>
  <datafield tag="040" ind1=" " ind2=" ">
    <subfield code="a">IT-RoPAU</subfield>
  </datafield>
  <datafield tag="040" ind1=" " ind2=" ">
    <subfield code="c">IT-RoPAU</subfield>
  </datafield>
  <datafield tag="041" ind1=" " ind2=" ">
    <subfield code="a">POLACCO</subfield>
  </datafield>
  <datafield tag="999" ind1=" " ind2=" ">
    <subfield code="c">99611</subfield>
    <subfield code="d">99611</subfield>
  </datafield>
  <datafield tag="999" ind1=" " ind2=" ">
    <subfield code="b">n.d.</subfield>
  </datafield>
  <datafield tag="100" ind1=" " ind2=" ">
    <subfield code="a">AA.VV.</subfield>
    <subfield code="9">794</subfield>
  </datafield>
  <datafield tag="100" ind1=" " ind2=" ">
    <subfield code="e">Autore musica</subfield>
    <subfield code="9">24599</subfield>
  </datafield>
  <datafield tag="100" ind1=" " ind2=" ">
    <subfield code="g">Codice autore musica SPICS: 12000</subfield>
    <subfield code="9">796</subfield>
  </datafield>
  <datafield tag="245" ind1=" " ind2=" ">
    <subfield code="a">Przeboje Na "Trojke" (Lp 103)</subfield>
  </datafield>
  <datafield tag="250" ind1=" " ind2=" ">
    <subfield code="a">1a ed.</subfield>
  </datafield>
  <datafield tag="260" ind1=" " ind2=" ">
    <subfield code="a">POLONIA</subfield>
  </datafield>
  <datafield tag="260" ind1=" " ind2=" ">
    <subfield code="b">WIFON</subfield>
    <subfield code="c">1987 [1a Ed.:1985 - Ed. Lingua Orig.: 1985]</subfield>
  </datafield>
  <datafield tag="300" ind1=" " ind2=" ">
    <subfield code="a">DISCO</subfield>
  </datafield>
  <datafield tag="300" ind1=" " ind2=" ">
    <subfield code="c">38 minuti (Testo: 0 pag.)</subfield>
  </datafield>
  <datafield tag="500" ind1=" " ind2=" ">
    <subfield code="a">Musica leggera polacca.</subfield>
  </datafield>
  <datafield tag="505" ind1=" " ind2=" ">
    <subfield code="a">Bukiet Mysli [(Voo Voo) (5:00)] - A Jemu Nic [(Woo Boo Doo) (5:00)] - Plonace Lustra [(Jerubbaal Gedeon) (5:00)] - Gdyby Nie Szerszenie [(Madame) (5:00)] - Ja Mam Fijola [(Woo Boo Doo) (4:00)] - Nie Pytaj [(Woo Woo) (4:00)] - Naiwne Pytania [(Dzem) (4:00)] - Ucieczka [(Made In Poland) (4:00)] - Wewnetrzne Swiatlo [(Jerubbaal Gedeon) (4:00)]</subfield>
  </datafield>
  <datafield tag="650" ind1=" " ind2=" ">
    <subfield code="a">MUSICA LEGGERA [DISCHI]</subfield>
    <subfield code="e">Codice MATERIA SPICS: 9950</subfield>
    <subfield code="9">24600</subfield>
  </datafield>
  <datafield tag="700" ind1=" " ind2=" ">
    <subfield code="a">Waglewski W.</subfield>
    <subfield code="d">Codice autore testo/musica SPICS: 25400</subfield>
    <subfield code="e">Autore testo/musica</subfield>
    <subfield code="p">Bukiet Mysli - Nie Pytaj</subfield>
    <subfield code="9">24601</subfield>
  </datafield>
  <datafield tag="700" ind1=" " ind2=" ">
    <subfield code="a">Urny A.</subfield>
    <subfield code="d">Codice autore musica SPICS: 25401</subfield>
    <subfield code="e">Autore musica</subfield>
    <subfield code="p">A Jemu Nic</subfield>
    <subfield code="9">24602</subfield>
  </datafield>
  <datafield tag="700" ind1=" " ind2=" ">
    <subfield code="a">Gralak A.</subfield>
    <subfield code="d">Codice autore SPICS: 25481</subfield>
    <subfield code="e">Autore</subfield>
    <subfield code="p">A Jemu Nic</subfield>
    <subfield code="9">24603</subfield>
  </datafield>
  <datafield tag="700" ind1=" " ind2=" ">
    <subfield code="a">Bikont P.</subfield>
    <subfield code="d">Codice autore testo/musica SPICS: 25502</subfield>
    <subfield code="e">Autore testo/musica</subfield>
    <subfield code="p">A Jemu Nic - Ja Mam Fijola</subfield>
    <subfield code="9">24604</subfield>
  </datafield>
  <datafield tag="700" ind1=" " ind2=" ">
    <subfield code="a">Rucinski K.</subfield>
    <subfield code="d">Codice autore musica SPICS: 25402</subfield>
    <subfield code="e">Autore musica</subfield>
    <subfield code="p">Plonace Lustra - Wewnetrzne Swiatlo</subfield>
    <subfield code="9">24605</subfield>
  </datafield>
  <datafield tag="700" ind1=" " ind2=" ">
    <subfield code="a">Sadowski R.</subfield>
    <subfield code="d">Codice autore musica SPICS: 25403</subfield>
    <subfield code="e">Autore musica</subfield>
    <subfield code="p">Gdyby Nie Szerszenie</subfield>
    <subfield code="9">24606</subfield>
  </datafield>
  <datafield tag="700" ind1=" " ind2=" ">
    <subfield code="a">Gawlinski R.</subfield>
    <subfield code="d">Codice autore testo/musica SPICS: 25147</subfield>
    <subfield code="e">Autore testo/musica</subfield>
    <subfield code="p">Gdyby Nie Szerszenie</subfield>
    <subfield code="9">24607</subfield>
  </datafield>
  <datafield tag="700" ind1=" " ind2=" ">
    <subfield code="a">Iwanski J.</subfield>
    <subfield code="d">Codice autore musica SPICS: 25404</subfield>
    <subfield code="e">Autore musica</subfield>
    <subfield code="p">Ja Mam Fijola</subfield>
    <subfield code="9">24608</subfield>
  </datafield>
  <datafield tag="700" ind1=" " ind2=" ">
    <subfield code="a">Otreba B.</subfield>
    <subfield code="d">Codice autore musica SPICS: 25405</subfield>
    <subfield code="e">Autore musica</subfield>
    <subfield code="p">Naiwne Pytania</subfield>
    <subfield code="9">24609</subfield>
  </datafield>
  <datafield tag="700" ind1=" " ind2=" ">
    <subfield code="a">Riedel R.</subfield>
    <subfield code="d">Codice autore testo/musica SPICS: 25503</subfield>
    <subfield code="e">Autore testo/musica</subfield>
    <subfield code="p">Naiwne Pytania</subfield>
    <subfield code="9">24610</subfield>
  </datafield>
  <datafield tag="700" ind1=" " ind2=" ">
    <subfield code="a">Hilczer R.</subfield>
    <subfield code="d">Codice autore musica SPICS: 25406</subfield>
    <subfield code="e">Autore musica</subfield>
    <subfield code="p">Ucieczka</subfield>
    <subfield code="9">24611</subfield>
  </datafield>
  <datafield tag="700" ind1=" " ind2=" ">
    <subfield code="a">Adamiak R.</subfield>
    <subfield code="d">Codice autore musica SPICS: 25407</subfield>
    <subfield code="e">Autore musica</subfield>
    <subfield code="p">Wewnetrzne Swiatlo</subfield>
    <subfield code="9">24612</subfield>
  </datafield>
  <datafield tag="942" ind1=" " ind2=" ">
    <subfield code="c">MD</subfield>
    <subfield code="2">ddc</subfield>
  </datafield>
  <datafield tag="952" ind1=" " ind2=" ">
    <subfield code="0">0</subfield>
    <subfield code="1">0</subfield>
    <subfield code="4">0</subfield>
    <subfield code="6">72987_000000000000000</subfield>
    <subfield code="7">1</subfield>
    <subfield code="a">SPICS</subfield>
    <subfield code="b">SPICS</subfield>
    <subfield code="d">2013-10-25</subfield>
    <subfield code="l">0</subfield>
    <subfield code="o">72987</subfield>
    <subfield code="r">2013-10-25 00:00:00</subfield>
    <subfield code="w">2013-10-25</subfield>
    <subfield code="y">MD</subfield>
    <subfield code="z">Progr. Ins.: 17438 / N.Vol.: 1 / Copie: 1 - Copia rara: n.d. / date import: 01.01.2014 - By Epidotti, Trombetti, Vaglietti</subfield>
  </datafield>
</record>
